000 00315nam a2200121Ia 4500
008 231129s9999||||xx |||||||||||||| ||spa||
020 _a84-226-1499-4
040 _bspa
082 _aR 912 A881un
245 0 _aAtlas universal
264 _aCirculo de Lectores
942 _2ddc
_cBKS
999 _c5846
_d5846